<?xml version="1.0" encoding="UTF-8"?>
<record
    xmlns:xsi="http://www.w3.org/2001/XMLSchema-instance"
    xsi:schemaLocation="http://www.loc.gov/MARC21/slim http://www.loc.gov/standards/marcxml/schema/MARC21slim.xsd"
    xmlns="http://www.loc.gov/MARC21/slim">

  <leader>011580am a2200265 004500</leader>
  <controlfield tag="003"> EG-GiCUC</controlfield>
  <controlfield tag="008">081004s1969    su ac  g      000 0 ara d</controlfield>
  <datafield tag="040" ind1=" " ind2=" ">
    <subfield code="a">EG-GiCUC</subfield>
    <subfield code="b">ara</subfield>
    <subfield code="c">EG-GiCUC</subfield>
  </datafield>
  <datafield tag="043" ind1=" " ind2=" ">
    <subfield code="a">a-su---</subfield>
  </datafield>
  <datafield tag="092" ind1="0" ind2="4">
    <subfield code="a">633.202</subfield>
    <subfield code="b">O521</subfield>
    <subfield code="2">21</subfield>
  </datafield>
  <datafield tag="099" ind1=" " ind2=" ">
    <subfield code="a">04</subfield>
    <subfield code="a">633.202 O521</subfield>
  </datafield>
  <datafield tag="100" ind1="1" ind2=" ">
    <subfield code="a">&#x627;&#x648;&#x644;&#x631;&#x62F; : &#x628;. &#x648;</subfield>
  </datafield>
  <datafield tag="245" ind1="1" ind2="2">
    <subfield code="a">&#x627;&#x644;&#x645;&#x631;&#x627;&#x639;&#x649; &#x648; &#x627;&#x62F;&#x627;&#x631;&#x62A;&#x647;&#x627; &#x641;&#x649; &#x627;&#x644;&#x645;&#x645;&#x644;&#x643;&#x629; &#x627;&#x644;&#x639;&#x631;&#x628;&#x64A;&#x629; &#x627;&#x644;&#x633;&#x639;&#x648;&#x62F;&#x64A;&#x629; / </subfield>
    <subfield code="c">&#x62A;&#x623;&#x644;&#x64A;&#x641; &#x628;.&#x648;.&#x627;&#x648;&#x644;&#x631;&#x62F; &#x61B; &#x62A;&#x631;&#x62C;&#x645;&#x629; &#x62D;&#x633;&#x646; &#x62D;&#x645;&#x632;&#x629; &#x62D;&#x62C;&#x631;&#x647; : &#x647;&#x627;&#x634;&#x645; &#x639;&#x628;&#x62F; &#x627;&#x644;&#x645;&#x637;&#x644;&#x628; &#x645;&#x62E;&#x62A;&#x627;&#x631;</subfield>
  </datafield>
  <datafield tag="260" ind1=" " ind2=" ">
    <subfield code="a">[&#x627;&#x644;&#x631;&#x64A;&#x627;&#x636;]  : </subfield>
    <subfield code="b">&#x648;&#x632;&#x627;&#x631;&#x629; &#x627;&#x644;&#x632;&#x631;&#x627;&#x639;&#x629; &#x648; &#x627;&#x644;&#x645;&#x64A;&#x627;&#x647; : &#x627;&#x62F;&#x627;&#x631;&#x629; &#x627;&#x633;&#x62A;&#x62B;&#x645;&#x627;&#x631; &#x627;&#x644;&#x627;&#x631;&#x627;&#x636;&#x649; : </subfield>
    <subfield code="c">[1969]</subfield>
  </datafield>
  <datafield tag="300" ind1=" " ind2=" ">
    <subfield code="a">327&#x635; : &#x627;&#x64A;&#x636; : &#x635;&#x648;&#x631; &#x61B; </subfield>
    <subfield code="c">24&#x633;&#x645;</subfield>
  </datafield>
  <datafield tag="650" ind1=" " ind2="7">
    <subfield code="a">&#x627;&#x644;&#x645;&#x631;&#x627;&#x639;&#x649;</subfield>
    <subfield code="x">&#x627;&#x644;&#x62C;&#x648;&#x627;&#x646;&#x628; &#x627;&#x644;&#x627;&#x642;&#x62A;&#x635;&#x627;&#x62F;&#x64A;&#x629;</subfield>
    <subfield code="2">qrmak</subfield>
  </datafield>
  <datafield tag="650" ind1=" " ind2="7">
    <subfield code="a">&#x627;&#x644;&#x645;&#x631;&#x627;&#x639;&#x649;</subfield>
    <subfield code="x">&#x62A;&#x646;&#x638;&#x64A;&#x645; &#x648; &#x627;&#x62F;&#x627;&#x631;&#x629;</subfield>
    <subfield code="2">qrmak</subfield>
  </datafield>
  <datafield tag="651" ind1=" " ind2="7">
    <subfield code="a">&#x627;&#x644;&#x633;&#x639;&#x648;&#x62F;&#x64A;&#x629;</subfield>
    <subfield code="x"> &#x627;&#x644;&#x645;&#x631;&#x627;&#x639;&#x649;</subfield>
    <subfield code="2">qrmak</subfield>
  </datafield>
  <datafield tag="700" ind1="1" ind2=" ">
    <subfield code="a">&#x62D;&#x62C;&#x631;&#x647; : &#x62D;&#x633;&#x646; &#x62D;&#x645;&#x632;&#x629;</subfield>
  </datafield>
  <datafield tag="700" ind1="1" ind2=" ">
    <subfield code="a">&#x645;&#x62E;&#x62A;&#x627;&#x631; : &#x647;&#x627;&#x634;&#x645; &#x639;&#x628;&#x62F; &#x627;&#x644;&#x645;&#x637;&#x644;&#x628;</subfield>
  </datafield>
  <datafield tag="902" ind1=" " ind2=" ">
    <subfield code="a">1</subfield>
  </datafield>
  <datafield tag="905" ind1=" " ind2=" ">
    <subfield code="a">&#x639;&#x641;&#x627;&#x641;</subfield>
    <subfield code="e">&#x645;&#x62F;&#x62E;&#x644;</subfield>
  </datafield>
  <datafield tag="942" ind1=" " ind2=" ">
    <subfield code="2">ddc</subfield>
    <subfield code="c">BK</subfield>
  </datafield>
  <datafield tag="999" ind1=" " ind2=" ">
    <subfield code="c">102500</subfield>
    <subfield code="d">102500</subfield>
  </datafield>
  <datafield tag="952" ind1=" " ind2=" ">
    <subfield code="2">ddc</subfield>
    <subfield code="7">0</subfield>
    <subfield code="a">CUCL</subfield>
    <subfield code="b">cl410</subfield>
    <subfield code="d">2024-02-11</subfield>
    <subfield code="o">633.202 O521 K.B.</subfield>
    <subfield code="p">01000103001032000</subfield>
    <subfield code="r">2024-06-23 00:00:00</subfield>
    <subfield code="t">C.1</subfield>
    <subfield code="y">BK</subfield>
  </datafield>
</record>
